| 000 | 00308nam a22001097a 4500 | ||
|---|---|---|---|
| 082 | _aCP41 | ||
| 100 |
_aRazia Sharif _948548 |
||
| 245 |
_aDisaster Response and recovery DM-804 _bRazia Sharif _cCourse Pack |
||
| 260 |
_aRisalpur, _bMCE, _c2015. |
||
| 526 |
_a0 _b0 _c0 _dCP_000000000000000_41 |
||
| 942 |
_2ddc _cBKB |
||
| 999 |
_c553671 _d553671 |
||